000 00650nac a22001931u 4500
010 _a 99063087
020 _a0764112139 pbk.)
082 0 0 _a395.4
_bHAW
090 _c5241
_d5241
100 _aHawley, Casey Fitts.
245 1 0 _aEffective letters for every occasion /
_cCasey Fitts Hawley.
260 _aHauppauge, N.Y. :
_bBarron's,2000
_cc2000.
300 _a200 p. ;
_c23 cm.
500 _adistributer: Al-Ahram
511 _acatalogued by: wessam
650 0 _aLetter writing.
856 4 2 _3Publisher description
_uhttp://www.loc.gov/catdir/enhancements/fy0630/99063087-d.html
942 _cBB
_k395.4HAW
999 _c5241
_d5241